TV Shows Named After Characters II Quiz Stats

Quiz Updated Jul 11, 2015

Challenge
Share
Tweet
Embed
Score 0/25 Timer 06:00
0 Plays Today
% Correct
Doogie Howser, M.D.
95.7%
Knight Rider
94.7%
Batman
93.7%
Walker, Texas Ranger
92.5%
Monk
91.4%
Dexter
90.6%
Kojak
83.8%
Da Ali G Show
83.8%
Quincy, M.E.
83.2%
Angel
82.5%
Hogan's Heroes
80.5%
Miss Marple
80.5%
Castle
79.9%
% Correct
Our Miss Brooks
78.3%
Maverick
77.8%
Daniel Boone
77.3%
Archie Bunker's Place
76.6%
Becker
76.4%
Marcus Welby, M.D.
74.9%
Lou Grant
74.5%
Trapper John, M.D.
74.3%
Steptoe and Son
68.7%
Arli$$
67.4%
Da Vinci's Inquest
47.6%
Toma
47.5%

You're not logged in!

Compare scores with friends on all Sporcle quizzes.
Sign Up with Email
OR
Log In

You Might Also Like...

Show Comments

Extras

Top Quizzes Today


Score Distribution

Your Account Isn't Verified!

In order to create a playlist on Sporcle, you need to verify the email address you used during registration. Go to your Sporcle Settings to finish the process.